Sounds of western north atlantic fishes: a reference file of biological underwater sounds
Na minha lista:
| Principais autores: | , |
|---|---|
| Formato: | Livro |
| Idioma: | inglês |
| Publicado em: |
Baltimore
The Johns Hopkins Press
1970
|
| Assuntos: | |
| Tags: |
Adicionar Tag
Sem tags, seja o primeiro a adicionar uma tag!
|
MARC
| LEADER | 00000nam a2200000 a 4500 | ||
|---|---|---|---|
| 001 | UCY3713 | ||
| 003 | CL-VaPUC | ||
| 008 | 950113e19700000US |||||||||||||||||eng|d | ||
| 082 | 0 | 4 | |a 597 |b FIS |2 21 |
| 100 | 0 | |a Fish, Marie Poland |e author |9 332083 | |
| 700 | 0 | |a Mowbray, William H |e author |9 332084 | |
| 245 | 1 | 0 | |a Sounds of western north atlantic fishes: a reference file of biological underwater sounds |
| 300 | |a 207 p | ||
| 942 | |c BK | ||
| 945 | |d 19950113 00:00:00 |a mfernand | ||
| 260 | |a Baltimore |b The Johns Hopkins Press |c 1970 | ||
| 650 | 7 | |a PECES |2 CL-VaPUC |9 332085 | |
| 650 | 0 | |a Conducta |9 269782 | |
| 650 | 0 | |a Acústica subacuática |9 261795 | |
| 583 | |a last modification |c 20170406 02:51:22 |k Rodrigo Vera | ||
| 999 | |c 231776 |d 231774 | ||
| 952 | |0 0 |1 0 |2 ddc |4 0 |6 597_000000000000000_FIS_1970 |7 0 |8 CCM |9 235445 |a BIBCUR |b BIBCUR |c PAC |d 2019-11-15 |i 3048993 |o 597 FIS 1970 |p 3048993 |r 2025-04-22 |w 2019-11-15 |y BK |k CIM | ||